000 00873nam a2200277Ia 4500
003 OSt
005 20220928121944.0
006 a|||||r|||| 00| 0
007 ta
008 220927b |||||||| |||| 00| 0 eng d
020 _c7621.3500000000004
024 _a110912
037 _b298, 03/02/2011, Onkar Book Agency
_cTextual
040 _aSDCL
_cSDCL
_beng
041 _2eng
_aeng
082 _aG:68:f3, Q1
100 _aRio Donald C
_9454967
245 0 _aRNA
_b A laboratory manual.
260 _aNew York
_b Cold Spring Harbor Laboratory Press
_c2011
300 _axiii,586p.
_ccm.
650 _aPlant Molecular Biology
700 _a Ares Manuel
_9454968
700 _a Hannon Gregory J
_9454969
942 _hG:68:f3, Q1
_cTEXL
_2CC
999 _c768674
_d768674